000
00214 a2200097 4500
001
17594
100
_a
Okress E C
245
_a
Microwave power Engineering
260
_a
_b
Academic Press
_c
090
_c
12986
_d
12986
942
_a
NUST-CAE
_c
M
_c
3320
999
_c
252667
_d
252667